Britney Spears Singles (1998-2020) U.S. - Statistics

General Stats
  • This quiz has been taken 86 times
    72 since last reset
  • The average score is 31 of 47
Answer Stats
Year Album Peak Single % Correct
1998 ...Baby One More Time 1 ...Baby One More Time
100%
2000 Oops!... I Did It Again 9 Oops!... I Did It Again
98%
2011 Non-Album Single 1 S&M (Remix) (Rihanna featuring Britney Spears)
96%
2008 Circus 3 Circus
91%
2004 In The Zone 9 Toxic
91%
2007 Blackout 3 Gimme More
82%
2000 Oops!... I Did It Again 23 Lucky
82%
1999 ...Baby One More Time 21 Sometimes
82%
2000 Oops!... I Did It Again 11 Stronger
82%
2008 Circus 1 Womanizer
81%
1999 ...Baby One More Time 10 (You Drive Me) Crazy
81%
2009 The Singles Collection 1 3
75%
2003 In The Zone 35 Me Against The Music (featuring Madonna)
75%
2004 Greatest Hits: My Prerogative - My Prerogative
75%
2013 Britney Jean 12 Work Bitch
75%
2007 Blackout 18 Piece Of Me
74%
2004 In The Zone 15 Everytime
72%
2001 Britney 27 I'm a Slave 4 U
70%
2011 Femme Fatale 3 Till The World Ends
70%
2002 Britney 86 Overprotected
68%
2012 #willpower 3 Scream & Shout (with will.i.am)
67%
2008 Blackout 43 Break The Ice
65%
2011 Femme Fatale 1 Hold It Against Me
65%
2002 Britney - I Love Rock 'n' Roll
65%
2009 Circus 88 Radar
65%
1999 ...Baby One More Time - Born To Make You Happy
63%
2011 Femme Fatale 55 Criminal
63%
2002 Britney - I'm Not A Girl, Not Yet A Woman
63%
2013 Britney Jean 76 Perfume
63%
2002 Britney - Boys (featuring Pharrell Williams)
61%
2009 Circus 19 If U Seek Amy
61%
2011 Femme Fatale 7 I Wanna Go
61%
1999 ...Baby One More Time 14 From The Bottom Of My Broken Heart
60%
2016 Glory 17 Make Me (featuring G-Easy)
58%
2001 Oops!... I Did It Again - Don't Let Me Be The Last To Know
56%
2016 Glory 86 Slumber Party (featuring Tinashe)
56%
2013 The Smurfs 2 54 Ooh La La
54%
2005 Greatest Hits: My Prerogative 100 Do Somethin'
53%
2004 In The Zone 79 Outrageous
53%
2022 Non-Album Single 6 Hold Me Closer (with Elton John)
51%
2015 Non-Album Single 29 Pretty Girls (featuring Iggy Azalea)
44%
2020 Glory (Deluxe) - Mood Ring
39%
2020 Glory (Deluxe) - Swimming In The Stars
37%
2020 Glory (Deluxe) - Matches (with Backstreet Boys)
33%
2005 Britney & Kevin: Chaotic - Someday (I Will Understand)
30%
2015 Déjà Vu - Tom's Diner (featuring Britney Spears)
26%
2014 Britney Jean - It Should Be Easy (featuring will.i.am)
25%
No matching quizzes found
Score Distribution
Percent of People with Each Score
Percentile by Number Answered
Your Score History
You have not taken this quiz since the last reset